Giám đốc và những qui định cần biết

Gorde:
Xehetasun bibliografikoak
Egile nagusia: Nguyên, Hạnh
Formatua: Liburua
Hizkuntza:Undetermined
Argitaratua: Hà Nội Thống kê 1995
Gaiak:
Etiketak: Etiketa erantsi
Etiketarik gabe, Izan zaitez lehena erregistro honi etiketa jartzen!
Thư viện lưu trữ: Trung tâm Học liệu Trường Đại học Cần Thơ
LEADER 00609nam a2200193Ia 4500
001 CTU_23935
008 210402s9999 xx 000 0 und d
082 |a 346.066 
082 |b Gi104 
100 |a Nguyên, Hạnh 
245 0 |a Giám đốc và những qui định cần biết 
245 0 |c Nguyên Hạnh, Lê Thành Châu (Sưu tầm và hệ thống hóa) 
260 |a Hà Nội 
260 |b Thống kê 
260 |c 1995 
650 |a Vietnam 
650 |x Economic policy 
904 |i Phượng, Hải 
980 |a Trung tâm Học liệu Trường Đại học Cần Thơ